000 00647nam a22002177a 4500
005 20170124110145.0
010 _aA-823042
020 _c45.00
_a8170141788
035 _aA-823042
037 _bCen Lib/Ret
040 _aDPL
_bEN
082 _a658
_bSAT
100 _aSatyanaraya, P.
_9101754
245 _aManagement and organisation /
_cby P. Satyanarayana
260 _aNew Delhi
_c1996
_bPremier book company
270 _bNew Delhi
_a23, Daryagnaj
_e110002
300 _avariou pagings .
_c20cm(Hb)
650 _aManagement
_x
_9101755
650 _aTheories of management
_9101756
942 _2ddc
_cEN
_h658
_mSAT
999 _c131968
_d131968